000 01441nam a2200457 i 4500
001 38534
003 KOSZ 005
005 20211207113820.0
008 001205s2000 pl a f |001 0 pol
015 _aUWD 2000/22069
020 _a8372790663
035 _a991015285149705066
035 _a(PL-WaBN)b1410491x-48omnis_nlop
035 _ab1410491x
035 _a(OCoLC)69619994
035 _a(PL)b0000001410491
035 _a(EXLNZ-48OMNIS_NETWORK)9910263928605606
040 _aWA N
_cWA N
_dKOSZ 005/HR
041 0 _apol
046 _k2000
080 _a004.438
080 _a(07)
100 1 _aBarteczko, Krzysztof
_d(1965- )
_eAutor
245 1 0 _aĆwiczenia z... Java :
_bwykłady i ćwiczenia /
_cKrzysztof Barteczko.
260 _aWarszawa :
_b"Mikom",
_c2000.
300 _a331 s. :
_bil. ;
_c24 cm.
336 _aTekst
_btxt
_2rdacontent
337 _aBez urządzenia pośredniczącego
_bn
_2rdamedia
338 _aWolumin
_bnc
_2rdacarrier
380 _aKsiążki
388 _a1901-2000
388 _a1989-2000
504 _aBibliogr. - Indeks.
650 7 _aJava (język programowania)
_2DBN
655 7 _aPodręcznik
_2DBN
658 _aInformatyka i technologie informacyjne
710 2 _aWydawnictwo Mikom
_4pbl
856 _uhttp://koha.tu.koszalin.pl/cgi-bin/koha/opac-detail.pl?biblionumber=38534
_yKatalog online BPK
942 _2UKD
_cKS
999 _c38534
_d38534